| 000 | 01224nam a2200241Ia 4500 | ||
|---|---|---|---|
| 999 |
_c54659 _d54659 |
||
| 001 | 21726 | ||
| 003 | GE_BSU | ||
| 005 | 20211223170213.0 | ||
| 008 | 181216s1957||||ge |||||||||||||| ||geo|| | ||
| 040 | _cGE_BSU | ||
| 041 | _ageo | ||
| 080 | _a811.353.1(076.5) კ-49 | ||
| 100 |
_aკიზირია, ანტონ _97225 |
||
| 245 |
_aქართული ენა : ფონეტიკისა და მორფოლოგიის პრაქტიკუმი ტ. I : _bდამხმ. სახელმძღვ. პედ. ინსტიტუტების სტუდენტებისათვის / _cანტონ კიზირია ; რედ. ვ. თოფურია. |
||
| 264 |
_aთბილისი : _bსამეცნ.-მეთოდ. კაბინეტის გამ-ბა, _c1957. |
||
| 300 |
_a176 გვ. ; _c20 სმ. |
||
| 541 | _h0,36 თ. | ||
| 653 | _aპრაქტიკუმი | ||
| 653 | _aქართული ენა | ||
| 653 | _aფონეტიკისა და მორფოლოგიის პრაქტიკუმი | ||
| 700 |
_aთოფურია, ვ. _eრედაქტორი _91040 |
||
| 942 |
_cBK _2udc |
||